000 01297cam a22002054a 4500
005 20250605164124.0
008 250528s ||||||||||||||||||||||||d
035 _a18396
020 _a333736427
040 _aGR-AtMCL
_bgre
_dGR-AtMCL
_eAACR2
245 1 _aThe Competitive Advantage of Nations / With a New Introduction
260 _c1998
300 _a864
520 _aThis book creates a new sphere in economics: an innovative socio-Economic approach that will bring fresh insights to economists and industrialists. Preface, Introduction, The Need for a New Paradigm, Foundations, The Competitive Advantage of Firms in Global Industries, Determinants of National Competitive Advantage, The Dynamics of National Advantage, Industries, Four Studies in National Competitive Advantage, National Competitive Advantage in Services, Nations, Patterns of National Competitive Advantage: The Early Postwar Winners, Emerging Nations in the 1970s and 1980s, Shifting National Advantage, The Comparative Development of National Economies, Implications, Company Strategy, Government Strategy, National Agendas, Epilogue, Appendices, Notes, References, Index.
700 1 _aPorter Michael E
_92745
942 _cBK
710 2 _aMacmillan Business
_99714
999 _c3757
_d3757